Heros de mangas - Statistiques

Statistiques générales
  • Ce quiz a été pris 3 326 fois
  • Le résultat moyen est 25 sur 66
Statistiques - réponses
Hint Réponse % Correct
One Piece luffy
94%
Naruto naruto
93%
Fairy Tail natsu
82%
sasuke
75%
zoro
74%
sakura
73%
nami
72%
vegeta
70%
sanji
69%
kakashi
67%
chopper
66%
Dragon Ball Z sangoku
66%
robin
64%
lucy
60%
brook
59%
hinata
59%
franky
58%
usopp
58%
grey
55%
erza
54%
pas du fusions bulma
52%
shikamaru
52%
ino
49%
choji
46%
happy
46%
neji
46%
lee
44%
sangohan
43%
trunks
43%
tenten
42%
jiraya
41%
kiba
40%
krilin
40%
tsunade
40%
piccolo
37%
sangoten
34%
shino
34%
yamcha
33%
luxus
31%
wendy
30%
jubia
27%
mirajane
27%
carla
24%
makarof
24%
sai
23%
elfman
22%
gajil
20%
tenshinhan
19%
akamaru
16%
reby
15%
chaozu
14%
lisana
14%
satan
13%
gildarts
12%
evergreen
11%
lily
11%
kanna
9%
fried
7%
bixrow
6%
loki
6%
dendé
5%
kyubi
5%
yajirobé
5%
gerald
4%
dranbalt
2%
ultia
2%
Aucun quiz correspondant
Distribution des résultats
% des personnes avec chaque résultat
Percentile par nombre de réponses
Votre historique - résultats
Vous n’avez pas pris ce quiz